Qiyamullail dan doa amalan Rasulullah s.a.w.

Bibliographic Details
Corporate Author: Yayasan Pembangunan Ekonomi Islam Malaysia
Format: Book
Published: [Kuala Lumpur] : Yayasan Pembangunan Ekonomi Islam Malaysia , 1988
Subjects:

MARC

LEADER 00000cam a2200000 7i4500
001 0000007053
005 20060308.0
040 |a INS 
090 0 0 |a BP183.3   |b QIY 1988 
245 0 0 |a Qiyamullail dan doa amalan Rasulullah s.a.w. 
260 |a [Kuala Lumpur] :   |b Yayasan Pembangunan Ekonomi Islam Malaysia ,   |c 1988 
300 |a v,73ms. ;   |c 19 cm. 
650 0 0 |a Islam   |x Customs and practices 
650 0 0 |a Prayer   |x Islam 
710 2 |a Yayasan Pembangunan Ekonomi Islam Malaysia 
999 |a 0000007705   |b BOOK   |c Open Shelf   |e Default branch 
999 |a 0000007706   |b BOOK   |c Open Shelf   |e Default branch